Catálogo
 En Linea

With Wolfe to Quebec : (Registro nro. 18755)

Detalles MARC
000 -CABECERA
campo de control de longitud fija 00785cam a2200241 4500
001 - NÚMERO DE CONTROL
campo de control 000019237
005 - FECHA Y HORA DE LA ÚLTIMA TRANSACCIÓN
campo de control 20200929165946.0
008 - DATOS DE LONGITUD FIJA--INFORMACIÓN GENERAL
campo de control de longitud fija 731121s1972 enkabc 001 0beng
020 ## - NÚMERO INTERNACIONAL ESTÁNDAR DEL LIBRO
Número Internacional Estándar del Libro 0002119420
035 ## - NÚMERO DE CONTROL DEL SISTEMA
Número de control de sistema (DLC) 73176186
040 ## - FUENTE DE LA CATALOGACIÓN
Centro catalogador/agencia de origen DO-SdBNP
Centro/agencia transcriptor DLC
Centro/agencia modificador DLC
-- BNPHU
050 00 - SIGNATURA TOPOGRÁFICA DE LA BIBLIOTECA DEL CONGRESO
Número de clasificación E199
Número de documento/Ítem .W27 1972
082 00 - NÚMERO DE LA CLASIFICACIÓN DECIMAL DEWEY
Número de clasificación 971.01/88/0924
-- B
100 1# - ENTRADA PRINCIPAL--NOMBRE DE PERSONA
Nombre de persona Warner, Oliver,
Fechas asociadas al nombre 1903-1976.
9 (RLIN) 41393
245 10 - MENCIÓN DE TÍTULO
Título With Wolfe to Quebec :
Resto del título the path to glory.
260 ## - PUBLICACIÓN, DISTRIBUCIÓN, ETC.
Lugar de publicación, distribución, etc. Toronto :
Nombre del editor, distribuidor, etc. Collins,
Fecha de publicación, distribución, etc. 1972.
300 ## - DESCRIPCIÓN FÍSICA
Extensión 224 p. :
Otras características físicas il., mapas., retrs. ;
Dimensiones 24 cm.
500 ## - NOTA GENERAL
Nota general Incluye índice de imágenes.
500 ## - NOTA GENERAL
Nota general Incluye índice alfabético
650 #0 - PUNTO DE ACCESO ADICIONAL DE MATERIA--TÉRMINO DE MATERIA
Término de materia o nombre geográfico como elemento de entrada Quebec campaign, 1759.
9 (RLIN) 41394
600 10 - PUNTO DE ACCESO ADICIONAL DE MATERIA--NOMBRE DE PERSONA
Nombre de persona WOLFES, JAMES,
Fechas asociadas al nombre 1727-1759
Subdivisión general Military leadership.
9 (RLIN) 41395
910 ## - DATOS DE OPCIÓN DEL USUARIO (OCLC)
Datos de opción del usuario Catalogación derivada / LC
Existencias
Estado de retiro Estado de pérdida Restricciones de uso No para préstamo Código de colección Localización permanente Ubicación/localización actual Ubicación en estantería Fecha de adquisición Número de inventario Total de préstamos Signatura topográfica completa Código de barras Fecha visto por última vez Precio válido a partir de Tipo de ítem Koha
      Excluido de préstamo Monografías: Libros y Folletos General General En catalogación 28.05.2010 LF1   971.01/88/0924 B 19237-10 25.06.2020 25.06.2020 No se presta

Con tecnología Koha